00214pam a2200097 a 4500020000500000041000800005100001500013245004600028260003200074300001000106 c aeng aDrew Jhon. aMan, Microbo& MaladyanhTextual Documents aNew YorkbPenguin Books Ltd a218p.